00754nam a22002297a 45000010005000000030010000050050017000150080041000320200018000730400047000910410008001380820019001461000027001652450113001922640044003053000012003493360022003613370019003833380021004025000086004236530015005091781CO-MdFUSB20180622072722.0170523t1992 s ||||| |||| 00| 0 s d a84-254-1738-4 aCO-MdFUSBbspacCO-MdFUSBdCO-MdFUSBCerda0 aspa04aG 220.64 L967m1 aLurker, Manfredeautor13aEl mensaje de los símbolosb : Mitos, culturas y religionesc / Manfred Lurker ; Claudio Gancho, Traductor 4aBarcelona, España :b Herder,c©1992 a367 Pag 2rdacontenta1ba1 2rdamediaa2b5 2rdacarriera2b5 aTítulo original : Die botschalf der symbole. In mythen, kulturen und religionen aSimbolismo